LEADER 01112nam a2200253 u 4500 001 000000125392 003 CaOOAMICUS 005 20110520130339.0 008 110520s1966 it u000 u ita r 040 $aPUL$bita 082 04$a907.2 100 1 $aDroysen, Johann Gustav,$d1808-1884.$0(OLS)http://pul/name/59258 245 10$aIstorica :$blezioni sulla Enciclopedia e Metodologia della Storia /$cJohann Gustav Droysen ; traduzione di Luigi Emery. 260 $aMilano ;$aNapoli :$bRicciardi,$c1966. 300 $aviii, 460 p. ;$c23 cm 650 4$aStoriografia.$0(OLS)http://pul/subject/2514 700 1 $aEmery, Luigi.$0(OLS)http://pul/name/79345 850 $aPUL 852 $aPUL$W1$xSL Cons. Gen., Altre Classi 3$y75$m907. 2 DROJO 2$j144411$qDDC 21$B143440$CPULBib$Z2$F143440 $H116000 $82 941 1 $a9 996 $6082$a907.2$9(OLS)http://pul/classification/1916 996 $6245$aIstorica :$blezioni sulla Enciclopedia e Metodologia della Storia$9(OLS)http://pul/title/158108 996 $6260$aMilano ;$aNapoli :$bRicciardi$9(OLS)http://pul/publisher/76038 LEADER 01368nam a2200325 a 4500 001 000000176163 003 CaOOAMICUS 005 20230920095753.0 008 230920s2022 it u000 u ita r 020 $a978-88-921-4459-0* 032 $aLibriCat 040 $aPUL$bita 082 04$a340.11 100 1 $aSartea, Claudio,$d1972-$0(OLS)http://pul/name/85741 245 10$aBiodiritto :$bfragilitą e giustizia /$cClaudio Sartea. 250 $a2. ed. 260 $aTorino :$bGiappichelli,$c©2022. 300 $aXII,181 p. ;$c23 cm 490 1 $aRecta Ratio : testi e studi di filosofia del diritto. Settima serie ;$v142 504 $aBibliografia p. [171]-181. 650 4$aBioetica$xDiritto.$0(OLS)http://pul/subject/34224 830 0$aRecta Ratio : testi e studi di filosofia del diritto.$nSettima serie ;$v142.$0(OLS)http://pul/title/213096 850 $aPUL 852 $aPUL$W1$xSL Diritto e Scienze Sociali 3$y79$m340. 01 COLL 1.142$j200325$qDDC 21$B205107$CPULBib$Z2$F205107 $H136524 $82 941 1 $a9 996 $6020$a978-88-921-4459-0*$9(OLS)http://pul/number/169350 996 $6082$a340.11$9(OLS)http://pul/classification/1908 996 $6245$aBiodiritto :$bfragilitą e giustizia$9(OLS)http://pul/title/168054 996 $6260$aTorino :$bGiappichelli$9(OLS)http://pul/publisher/48244